Theory and practice of seamanship (Record no. 30221)

000 -LEADER
fixed length control field 00486nam a2200193u 4500
001 - CONTROL NUMBER
control field 30221
003 - CONTROL NUMBER IDENTIFIER
control field BD-DhUET
008 - FIXED-LENGTH DATA ELEMENTS--GENERAL INFORMATION
fixed length control field 830701s1966 enka 000 0 eng
020 ## - INTERNATIONAL STANDARD BOOK NUMBER
International Standard Book Number 0710005024
040 ## - CATALOGING SOURCE
Original cataloging agency DLC
Transcribing agency CarP
Modifying agency BD-DhUET
082 ## - DEWEY DECIMAL CLASSIFICATION NUMBER
Classification number 626.88
Item number DAN/1966
100 ## - MAIN ENTRY--PERSONAL NAME
Personal name Danton, Graham
245 14 - TITLE STATEMENT
Title Theory and practice of seamanship
250 ## - EDITION STATEMENT
Edition statement 2nd ed.
260 ## - PUBLICATION, DISTRIBUTION, ETC. (IMPRINT)
Place of publication, distribution, etc. London
Name of publisher, distributor, etc. Routledge & Paul
Date of publication, distribution, etc. 1966
300 ## - PHYSICAL DESCRIPTION
Extent xv, 524 p.
Other physical details illus.
Dimensions 23 cm.
650 #0 - SUBJECT ADDED ENTRY--TOPICAL TERM
Topical term or geographic name as entry element Seamanship
942 ## - ADDED ENTRY ELEMENTS (KOHA)
Koha item type General Book
Holdings
Koha normalized classification for sorting Not for loan Shelving location Withdrawn status Price effective from Koha date last seen Koha full call number Damaged status Piece designation (barcode) Location (home branch) Koha item type Copy number Source of classification or shelving scheme Date acquired Lost status Sublocation or collection (holding branch)
626_880000000000000_DAN_1966 Reading section 2015-06-212015-06-21626.88/DAN/1966 53246Central Library, BUETGeneral Book1 2015-06-21 Central Library, BUET
626_880000000000000_DAN_1966 Reading section 2015-06-232015-06-23626.88/DAN/1966 53247Central Library, BUETGeneral Book2 2015-06-23 Central Library, BUET